000
00340nam a22001457a 4500
008
230324b ||||| |||| 00| 0 eng d
020
_a
9780816079483
041
_a
eng
080
_2
SECOND EDITION
_a
030
082
_a
030PET
100
_a
40
101
_a
ENCIKLO
245
_a
THE ENCYCLOPEDIA OF DIABETES
_c
PETIT.A.W
942
_2
udc
_c
BK
999
_c
59440
_d
59440